00854nam a22002177a 4500003000500000005001700005008004100022010001000063011001000073035001000083040000900093100003300102245023600135260003900371300001000410502012000420650002900540650001700569650002300586650002700609CHAP20220329134024.0971013s1981 r 00010 d a14225 a15197 a19272 cCHAP00aCastillo Treviño, Rogelio. aEfecto de los rayos gamma Co60 sobre algunos caracteres de la espiga en la generación M2 de dos variedades de trigo (Triticum aestivum L.) y dos variedades de triticales (Triticale hexaploide Lart) bajo condiciones de invernadero aMonterrey, N.L. :bEl autor,c1981 a50 h. aTesis (M.C. Esp. en Fitomejoramiento) -- ITESM. Div. de Ciencias Agropecuarias y Marítimas. Programa de Graduados14aCultivos en invernadero.14aRayos gamma.14aTrigoxVariedades.14aTriticalexVariedades.